Public Administration in a globalizing world: (Record no. 79546)

MARC details
000 -LEADER
fixed length control field 00873nam a22002297a 4500
005 - DATE AND TIME OF LATEST TRANSACTION
control field 20170221111910.0
010 ## - LCCN (DPL NO)
LC control number 1617EN ENG-117223
020 ## - INTERNATIONAL STANDARD BOOK NUMBER
International Standard Book Number 9788132109488
Terms of availability 525.00
035 ## - SYSTEM CONTROL NUMBER
System control number B-654263-273
035 ## - SYSTEM CONTROL NUMBER
System control number EN-100755
037 ## - SOURCE OF ACQUISITION
Source of stock number/acquisition Techniz
037 ## - SOURCE OF ACQUISITION
Source of stock number/acquisition DBAD/PUB
082 ## - DEWEY DECIMAL CLASSIFICATION NUMBER
Classification number 351
100 ## - MAIN ENTRY--PERSONAL NAME
Personal name Chakrabarty, Bidyut
245 ## - TITLE STATEMENT
Title Public Administration in a globalizing world:
Remainder of title theories and practices /
Statement of responsibility, etc by Bidyut Chakrabarty [and] Prakash Chand
250 ## - EDITION STATEMENT
Edition statement 7th impression
260 ## - PUBLICATION, DISTRIBUTION, ETC. (IMPRINT)
Place of publication, distribution, etc New Delhi
Name of publisher, distributor, etc SAGE Pub.
Date of publication, distribution, etc 2016
270 ## - ADDRESS
Address BI/I-1 Mohan Cooperative Ind. Area Mathura Road,
City New Delhi
Postal code 110044
300 ## - PHYSICAL DESCRIPTION
Extent 547p.
Other physical details 21cm(pbk)
942 ## - ADDED ENTRY ELEMENTS (KOHA)
Source of classification or shelving scheme Dewey Decimal Classification
Item type English Books
Call number suffix CHA
Classification part 351
Holdings
Withdrawn status Lost status Not for loan Collection code Home library Current library Date acquired Source of acquisition Cost, normal purchase price Full call number Barcode Copy number Cost, replacement price Koha item type
      Non-fiction Central Jail Tihar Central Jail Tihar 13/02/2017 DBAD/PUB 525.00 351 CHA EN-100755 1 525.00 English Books
      Non-fiction Central Jail Tihar Central Jail Tihar 21/02/2017 BPPD/EN/2016-17/306/24.11.2016/TZ16932/5.12.2016/4.1.2017 525.00 351 CHA B-654269 1 525.00 English Books
      Non-fiction Central Library Central Library 21/02/2017 BPPD/EN/2016-17/306/24.11.2016/TZ16932/5.12.2016/4.1.2017 525.00 351 CHA B-654263 1 525.00 English Books
      Non-fiction Janak Puri Janak Puri 21/02/2017 BPPD/EN/2016-17/306/24.11.2016/TZ16932/5.12.2016/4.1.2017 525.00 351 CHA B-654270 1 525.00 English Books
      Non-fiction Kasturba Gandhi Marg Kasturba Gandhi Marg 21/02/2017 BPPD/EN/2016-17/306/24.11.2016/TZ16932/5.12.2016/4.1.2017 525.00 351 CHA B-654266 1 525.00 English Books
      Non-fiction New Police Line New Police Line 21/02/2017 BPPD/EN/2016-17/306/24.11.2016/TZ16932/5.12.2016/4.1.2017 525.00 351 CHA B-654264 1 525.00 English Books
      Non-fiction Patel Nagar Patel Nagar 21/02/2017 BPPD/EN/2016-17/306/24.11.2016/TZ16932/5.12.2016/4.1.2017 525.00 351 CHA B-654265 1 525.00 English Books
      Non-fiction Peshwa Road Peshwa Road 21/02/2017 BPPD/EN/2016-17/306/24.11.2016/TZ16932/5.12.2016/4.1.2017 525.00 351 CHA B-654267 1 525.00 English Books
      Non-fiction Sarojini Nagar Sarojini Nagar 21/02/2017 BPPD/EN/2016-17/306/24.11.2016/TZ16932/5.12.2016/4.1.2017 525.00 351 CHA B-654271 1 525.00 English Books
      Non-fiction Shahdara Branch Shahdara Branch 21/02/2017 BPPD/EN/2016-17/306/24.11.2016/TZ16932/5.12.2016/4.1.2017 525.00 351 CHA B-654272 1 525.00 English Books
      Non-fiction Tri Nagar Tri Nagar 21/02/2017 BPPD/EN/2016-17/306/24.11.2016/TZ16932/5.12.2016/4.1.2017 525.00 351 CHA B-654268 1 525.00 English Books
      Non-fiction Yojana Vihar Yojana Vihar 21/02/2017 BPPD/EN/2016-17/306/24.11.2016/TZ16932/5.12.2016/4.1.2017 525.00 351 CHA B-654273 1 525.00 English Books

© Delhi Public Library
Hit Counter
free hit counter